| 000 | 01025nam0a22002531 4500 | ||
|---|---|---|---|
| 001 | rc\1038866 | ||
| 005 | 20260407082948.0 | ||
| 035 | _a(NLR Aleph) 006201506 | ||
| 090 |
_a6272314 _c6272314 |
||
| 100 | _a20041129d1981 |||y0rusy50 ca | ||
| 101 | 0 | _arus | |
| 102 | _aRU | ||
| 105 | _aa ||||||||| | ||
| 200 | 1 |
_aГеологические исследования кайнозоя Белоруссии _e[Сб. статей] _fАН БССР, Ин-т геохимии и геофизики _g[Отв. ред. С.Г. Дромашко] |
|
| 210 |
_aМинск _cНаука и техника _d1981 |
||
| 215 |
_a195 с., 1 отд. л. схем. _cил. _d26 |
||
| 320 | _aБиблиогр. в конце статей | ||
| 702 | 1 |
_aДромашко _bС.Г. _gСветлана Григорьевна _4340 |
|
| 712 | 0 | 2 |
_aИнститут геохимии и геофизики _cМинск _3RU\NLR\AUTH\889017 _9290543 |
| 801 | 0 |
_aRU _bNLR _gpsbo |
|
| 801 | 1 |
_aRU _bELAR _2rusmarc |
|
| 852 |
_aNLR _j82-7/559 |
||
| 942 | _cBOOK | ||
| 980 | _aNB | ||